Statistics for Most Popular NBA Jerseys Quiz

Click here to take the quiz!

General Stats

  • This quiz has been taken 342,610 times
    (29,675 since last reset)
  • The average score is 14 of 25

Answer Stats

SeasonsPlayer% Correct
2017, 2018, 2019, 2020LeBron James
99%
2017, 2018, 2019, 2020Stephen Curry
97%
2017, 2018, 2019, 2020Kevin Durant
89%
2017, 2018, 2019, 2020Russell Westbrook
84%
2017, 2018, 2019, 2020Giannis
Antetokounmpo
81%
2020Luka Dončić
79%
2017, 2018, 2019James Harden
79%
2017, 2018, 2019, 2020Kyrie Irving
76%
2020Anthony Davis
72%
2017, 2018, 2019, 2020Damian Lillard
69%
2017, 2018, 2020Kawhi Leonard
65%
2017, 2018Klay Thompson
62%
2019Paul George
53%
2017, 2018, 2019, 2020Jimmy Butler
50%
2018, 2019Joel Embiid
49%
2020Jayson Tatum
46%
2017, 2019Dwyane Wade
44%
2020Nikola Jokić
43%
2018, 2019Ben Simmons
42%
2018Lonzo Ball
31%
2017Derrick Rose
29%
2020Kemba Walker
28%
2017, 2018Kristaps Porzingis
24%
2020Ja Morant
24%
2017Isaiah Thomas
17%

Score Distribution

Percentile by Number Answered

Percent of People with Each Score

Your Score History

You have not taken this quiz since the last reset